[Event "Let's Play Chess!"]
[Site "http://www.queenalice.com/game.php?id=1247020"]
[Date "2014.1.12"]
[Round "-"]
[White "canubeatmeimeasy"]
[Black "Nimzou"]
[Result "1-0"]
[WhiteElo "1100"]
[BlackElo "1225"]

1. Nf3 b5 2. e4 Bb7 3. Bxb5 c6 4. Bc4 e6 5. d4 Bb4+ 6. c3 Bd6 7. e5 Bc7 8. b4
Ne7 9. Bg5 h6 10. Bf4 d5 11. exd6 Bxd6 12. Bxd6 Qxd6 13. O-O O-O 14. g3 Nd7 15.
Qc2 g6 16. Nbd2 f5 17. Rfe1 h5 18. Bxe6+ Kg7 19. Ng5 Rf6 20. h4 Nf8 21. Bb3 Bc8
22. Nde4 Nh7 23. Nxd6 Bd7 24. Rxe7+ Kh6 25. Rxd7 Nxg5 26. hxg5+ Kxg5 27. f4+ Kh6
28. Nf7+ Rxf7 29. Rxf7 Rh8 30. Kg2 1-0

[Event "Let's Play Chess!"]
[Site "http://www.queenalice.com/game.php?id=1247021"]
[Date "2014.1.12"]
[Round "-"]
[White "canubeatmeimeasy"]
[Black "Nimzou"]
[Result "1-0"]
[WhiteElo "1363"]
[BlackElo "1213"]

1. Nc3 d6 2. d4 Nf6 3. f3 Nbd7 4. e4 g6 5. Nd5 e5 6. Nxf6+ Nxf6 7. dxe5 Nd7 8.
exd6 Bxd6 9. g3 Nf6 10. c3 Qe7 11. Bb5+ c6 12. Bc4 O-O 13. Bg5 Qc7 14. Bxf6 b5
15. Bb3 b4 16. Qd4 Be6 17. Bh8 f6 18. Bxf6 Kf7 19. Bg7 Ke7 20. Bxf8+ Rxf8 21.
Bxe6 Rf6 22. Bg8 Rf8 23. Qg7+ Kd8 24. Qxc7+ Bxc7 25. Bxh7 Bb6 26. O-O-O+ Kc7 27.
Bxg6 Be3+ 28. Kc2 Rd8 29. Rxd8 Bb6 30. Re8 Kb7 31. cxb4 Ka6 32. Ne2 Kb5 33. a3
a5 34. Nc3+ Ka6 35. e5 axb4 36. Bd3+ 1-0

[Event "Let's Play Chess!"]
[Site "http://www.queenalice.com/game.php?id=1253857"]
[Date "2014.2.5"]
[Round "-"]
[White "magalhaes_br"]
[Black "canubeatmeimeasy"]
[Result "0-1"]
[WhiteElo "1432"]
[BlackElo "1346"]

1. e4 e5 2. Nf3 f6 3. Nc3 c6 4. a3 b5 5. b4 a5 6. Bb2 axb4 7. Nb1 bxa3 8. Rxa3
Bxa3 9. Nxa3 Ne7 10. c4 b4 11. Nc2 Na6 12. Qa1 Bb7 13. Qa4 Nc5 14. Qxb4 d6 15.
d3 Ra4 16. Qc3 Qb6 17. Kd2 Nb3+ 18. Ke1 Nd4 19. Nfxd4 exd4 20. Qxd4 c5 21. Qc3
Ra2 22. Bc1 Qb1 23. Kd2 f5 24. f3 fxe4 25. Be2 exd3 26. Bxd3 O-O 27. Rd1 d5 28.
Ba3 Qb6 29. Bc1 d4 30. Qa3 Rxa3 31. Bxa3 Qc7 32. Kc1 Bxf3 33. gxf3 Rxf3 34. Be2
Rf2 35. Re1 Qxh2 36. Kd1 d3 37. Bxd3 Rd2+ 38. Kc1 Rxd3 39. Rxe7 Qh6+ 40. Kb2
Qf6+ 41. Kc1 Qxe7 42. Kb2 Qb7+ 43. Ka2 Rd2 44. Bb2 Rxc2 45. Ka3 Qxb2+ 46. Ka4
Rc3 47. Ka5 Ra3# 0-1

[Event "Challenge"]
[Site "http://www.queenalice.com/game.php?id=1255071"]
[Date "2014.2.9"]
[Round "-"]
[White "canubeatmeimeasy"]
[Black "nathmurr"]
[Result "0-1"]
[WhiteElo "1446"]
[BlackElo "1446"]

1. Nc3 e5 2. e4 Nc6 3. Nd5 Bc5 4. c3 Nce7 5. a4 Nf6 6. Nxf6+ gxf6 7. Ne2 Rg8 8.
f3 c6 9. b4 Bd6 10. d4 Qc7 11. Bb2 exd4 12. Nxd4 Rg7 13. Ne2 Bxh2 14. Qd4 Be5
15. Qd3 b5 16. a5 a6 17. f4 Bxf4 18. c4 Be5 19. Bxe5 Qxe5 20. Qd4 bxc4 21. Qxe5
fxe5 22. Nc3 d5 23. exd5 cxd5 24. O-O-O Be6 25. b5 d4 26. Ne4 axb5 27. Nc5 Rxa5
28. Kb2 c3+ 29. Kc2 Bf5+ 30. Bd3 Rxg2+ 31. Kb3 Rb2# 0-1

[Event "AUTO-INT-2804"]
[Site "http://www.queenalice.com/game.php?id=1255206"]
[Date "2014.2.10"]
[Round "1"]
[White "bdpq"]
[Black "canubeatmeimeasy"]
[Result "1-0"]
[WhiteElo "1776"]
[BlackElo "1582"]

1. g3 c6 2. b3 e5 3. Bb2 f6 4. d4 e4 5. d5 cxd5 6. Qxd5 Ne7 7. Qxe4 d5 8. Qd3 a6
9. Nd2 Bf5 10. Qf3 Bxc2 11. Bg2 Nbc6 12. Qc3 Bf5 13. Bh3 Bxh3 14. Nxh3 d4 15.
Qf3 Rb8 16. O-O Ne5 17. Qe4 N7c6 18. Nf4 g6 19. Ne6 Qe7 20. Nxf8 Rxf8 21. Nc4
Nxc4 22. Qxe7+ Kxe7 23. bxc4 Rbd8 24. Ba3+ Kf7 25. Bxf8 Kxf8 26. Rab1 Na5 27. c5
Rc8 28. Rbc1 Nc6 29. Rfe1 Nb4 30. a3 Na2 31. Rc4 Rd8 32. Rd1 b5 33. cxb6 Nc3 34.
Rdxd4 Nxe2+ 35. Kg2 Nxd4 36. Rc7 Nb5 37. Rxh7 Kg8 38. Re7 Nxa3 39. Ra7 Nc4 40.
b7 Nb6 41. Rxa6 Rb8 42. Rxb6 Kf7 43. g4 f5 44. f3 fxg4 45. fxg4 g5 46. Kg3 Ke7
47. h4 gxh4+ 48. Kxh4 Kd7 49. g5 Kc7 50. Rh6 Kxb7 51. g6 Rg8 52. Rh7+ Kc6 53.
Kh5 Kd6 54. g7 Ke7 55. Kg6 Ke6 56. Rh8 Rxg7+ 57. Kxg7 Kf5 58. Re8 1-0

[Event "AUTO-INT-2804"]
[Site "http://www.queenalice.com/game.php?id=1255207"]
[Date "2014.2.10"]
[Round "1"]
[White "canubeatmeimeasy"]
[Black "bdpq"]
[Result "0-1"]
[WhiteElo "1653"]
[BlackElo "1687"]

1. Nc3 b6 2. e4 d5 3. Nxd5 Bb7 4. f3 e6 5. Nf4 Nc6 6. c3 Qd6 7. d4 O-O-O 8. d5
Qe5 9. Nd3 Qd6 10. dxc6 Bxc6 11. Bf4 Qe7 12. Qb3 Nf6 13. O-O-O Nh5 14. Be3 f5
15. Ne2 g5 16. Ne5 Rxd1+ 17. Kxd1 fxe4 18. Nxc6 Qd6+ 19. Ncd4 e5 20. Qe6+ Kb7
21. fxe4 exd4 22. Qxd6 Bxd6 23. Bxd4 Rf8 24. e5 Be7 25. g3 Rd8 26. Kc2 Ng7 27.
Bg2+ Ka6 28. b4 c5 29. bxc5 bxc5 30. Be3 Nf5 31. Rb1 Nxe3+ 32. Kc1 Nxg2 33. Rb2
Rd5 34. e6 Re5 35. c4 Re4 36. Nc3 Rxc4 37. Rxg2 Rxc3+ 38. Kb2 Re3 39. g4 Rxe6
40. a4 Ka5 41. Rg3 c4 42. Rh3 Kxa4 43. Rxh7 Ba3+ 44. Kc3 Bc1 45. Rxa7+ Kb5 46.
Rb7+ Kc6 47. Rb1 Bf4 48. Kxc4 Bxh2 49. Rh1 Bd6 50. Rh5 Re4+ 51. Kd3 Rxg4 52. Ke3
Ra4 53. Rxg5 Bf4+ 0-1

[Event "AUTO-INT-2804"]
[Site "http://www.queenalice.com/game.php?id=1255222"]
[Date "2014.2.10"]
[Round "1"]
[White "canubeatmeimeasy"]
[Black "Rijo"]
[Result "1-0"]
[WhiteElo "1489"]
[BlackElo "1656"]

1. Nc3 d5 2. d4 Nc6 3. e4 dxe4 4. Nxe4 Nxd4 5. c3 f5 6. Ng5 h6 7. Qh5+ Kd7 8.
Nf7 Qe8 9. Ne5+ Kd8 10. Qxe8+ Kxe8 11. cxd4 c6 12. Ng6 Rh7 13. Ne5 g5 14. h4 Nf6
15. hxg5 Ng4 16. Nxg4 fxg4 17. f3 b6 18. g6 Rh8 19. fxg4 Bxg4 20. Be2 Bxe2 21.
Nxe2 Bg7 22. Nf4 Kd7 23. a4 Rhf8 24. g3 Rad8 25. O-O Rf6 26. Ra3 Kc7 27. Rd3 a6
28. d5 c5 29. d6+ exd6 30. Nd5+ Kc6 31. Nxf6 c4 32. Rc3 d5 33. b3 Rd6 34. Ne8
Bxc3 35. Nxd6 Kxd6 36. Bxh6 Bd4+ 37. Kg2 c3 38. g7 Bxg7 39. Bxg7 c2 40. Rc1 1-0

[Event "AUTO-INT-2804"]
[Site "http://www.queenalice.com/game.php?id=1255223"]
[Date "2014.2.10"]
[Round "1"]
[White "Rijo"]
[Black "canubeatmeimeasy"]
[Result "1-0"]
[WhiteElo "1597"]
[BlackElo "1521"]

1. e4 e5 2. Nf3 f6 3. d4 exd4 4. Nxd4 d5 5. exd5 Qxd5 6. Nc3 Bb4 7. Bb5+ c6 8.
Qe2+ Ne7 9. Bxc6+ bxc6 10. Qe3 Qxg2 11. Rf1 O-O 12. a3 Nd5 13. Qe2 Bd7 14. axb4
Re8 15. Be3 Nf4 16. Qf3 Qxh2 17. O-O-O Nd5 18. Nxd5 Qh3 19. Nc7 Bg4 20. Qxh3
Bxh3 21. Nxe8 Bxf1 22. Nc7 Be2 23. Nxa8 Bxd1 24. Kxd1 Nd7 25. Nxc6 a6 26. Nc7
Ne5 27. Nxa6 Nxc6 28. c3 h5 29. b5 Na5 30. b4 Nc4 31. Ke1 g5 32. b6 Nd6 33. Nc5
Nc4 34. b7 Nxe3 35. fxe3 1-0

[Event "Challenge"]
[Site "http://www.queenalice.com/game.php?id=1262646"]
[Date "2014.3.6"]
[Round "-"]
[White "nathmurr"]
[Black "canubeatmeimeasy"]
[Result "1-0"]
[WhiteElo "1515"]
[BlackElo "1534"]

1. e4 e5 2. d3 d5 3. f3 dxe4 4. fxe4 Bc5 5. Nf3 f6 6. Nc3 c6 7. Bd2 g5 8. Qe2
Bg4 9. h3 Bh5 10. g4 Bf7 11. h4 gxh4 12. Rxh4 h5 13. gxh5 Rxh5 14. Qg2 Rxh4 15.
Nxh4 Ne7 16. O-O-O Bd4 17. Qg7 Bh5 18. Qh8+ Kd7 19. Qxh5 Na6 20. Ne2 Qb6 21.
Bh3+ Kd6 22. c3 Bf2 23. Ng6 Nxg6 24. Qxg6 Nc5 25. Qxf6+ Kc7 26. Qxe5+ Kd8 27.
Qh8+ Kc7 28. Qxa8 Nxd3+ 29. Kc2 Nc5 30. Bf4# 1-0

[Event "Challenge"]
[Site "http://www.queenalice.com/game.php?id=1263716"]
[Date "2014.3.10"]
[Round "-"]
[White "canubeatmeimeasy"]
[Black "magalhaes_br"]
[Result "1-0"]
[WhiteElo "1481"]
[BlackElo "1441"]

1. Nc3 Nh6 2. f3 Nc6 3. e3 a6 4. d4 e6 5. h4 Bd6 6. Ne4 Bb4+ 7. c3 Be7 8. g3 f6
9. Ne2 d5 10. Nf2 Bd6 11. e4 Qe7 12. exd5 exd5 13. Bh3 b5 14. Bxc8 Rxc8 15. O-O
O-O 16. Re1 a5 17. Nf4 Qd7 18. Nxd5 Qf5 19. Ne3 Qd7 20. Nd5 b4 21. Ne4 Bxg3 22.
Ndxf6+ gxf6 23. Bxh6 Bxe1 24. Bxf8 Bxh4 25. Nxf6+ Bxf6 26. Bh6 Re8 27. Qd3 Ne7
28. Qc4+ Kh8 29. Qf7 Qh3 30. Qxf6+ Kg8 31. Qg7# 1-0

[Event "Challenge"]
[Site "http://www.queenalice.com/game.php?id=1263931"]
[Date "2014.3.10"]
[Round "-"]
[White "serard1"]
[Black "canubeatmeimeasy"]
[Result "1-0"]
[WhiteElo "1468"]
[BlackElo "1623"]

1. b3 f6 2. g3 e5 3. Ba3 Bxa3 4. Nxa3 a6 5. e3 b5 6. f4 Bb7 7. Nf3 exf4 8. gxf4
g5 9. Bh3 Nh6 10. fxg5 fxg5 11. Rg1 Rg8 12. c4 g4 13. Nh4 gxh3 14. Qh5+ Ke7 15.
Nf5+ Nxf5 16. Ke2 Rxg1 17. Rxg1 Qf8 18. Qxh7+ Kd6 19. Rg8 Qe7 20. Qxf5 Nc6 21.
Rg6+ Qe6 22. Rxe6+ dxe6 23. Qxh3 Ne5 24. cxb5 axb5 25. Nxb5+ Kc6 26. a4 Kb6 27.
d4 Re8 28. dxe5 Bd5 29. Qh7 Bxb3 30. Qxc7+ Ka6 31. Qc6+ Ka5 32. Qxe8 Bxa4 33.
Kf2 Bxb5 34. Qb8 Ba6 35. Qd6 Bc4 36. Kg3 1-0

[Event "Challenge"]
[Site "http://www.queenalice.com/game.php?id=1265475"]
[Date "2014.3.16"]
[Round "-"]
[White "canubeatmeimeasy"]
[Black "obelisksoldier"]
[Result "0-1"]
[WhiteElo "1540"]
[BlackElo "1628"]

1. Nc3 g6 2. d4 Bg7 3. e3 Nf6 4. f3 O-O 5. Nge2 d5 6. e4 dxe4 7. Nxe4 Nbd7 8. c3
b6 9. h4 Bb7 10. Nxf6+ exf6 11. h5 Re8 12. h6 Bf8 13. Kf2 Ne5 14. g4 Nxg4+ 15.
Kg1 Bxf3 16. Rh3 Qd5 17. c4 Qf5 18. Ng3 Bxd1 19. Nxf5 gxf5 20. Bf4 Bc2 21. Bxc7
Bxh6 22. Bd3 Bxd3 23. Kg2 Re2+ 24. Kf3 Rae8 25. Bf4 Rf2+ 26. Kg3 Bxf4+ 0-1

[Event "Challenge"]
[Site "http://www.queenalice.com/game.php?id=1265864"]
[Date "2014.3.18"]
[Round "-"]
[White "canubeatmeimeasy"]
[Black "nathmurr"]
[Result "1-0"]
[WhiteElo "1590"]
[BlackElo "1552"]

1. Nc3 e5 2. e4 d6 3. d4 f6 4. dxe5 fxe5 5. Nd5 c6 6. Nb4 Qa5 7. Bd2 Qb6 8. a3
c5 9. Nd5 Qd8 10. h3 Nf6 11. Bg5 Qa5+ 12. Qd2 b6 13. Qxa5 bxa5 14. Nc7+ Kd8 15.
Nxa8 Bb7 16. Bb5 Bxa8 17. O-O-O Bxe4 18. f3 Ba8 19. Ne2 h6 20. Bh4 g5 21. Bf2 a6
22. Bc4 d5 23. Bd3 d4 24. Ng3 Bd5 25. Nf5 c4 26. Be4 c3 27. Bxd5 Nxd5 28. Kb1
cxb2 29. Kxb2 Rh7 30. c3 Rb7+ 31. Kc2 Bxa3 32. Rb1 Rxb1 33. Rxb1 Nc6 34. Nxh6
dxc3 35. Rd1 Nb4+ 36. Kb3 c2 37. Rxd5+ Nxd5 38. Kxc2 Ke8 39. Kd3 a4 40. Ng4 Bd6
41. Be1 a3 42. Kc2 Bb4 43. Bf2 a2 44. Kb2 Kd7 45. Nxe5+ Ke6 46. Nd3 Kd6 47. Ne1
Nc3 48. Nc2 Bc5 49. Bxc5+ Kxc5 50. Kxc3 a5 51. Kb3 1-0

[Event "Challenge"]
[Site "http://www.queenalice.com/game.php?id=1268026"]
[Date "2014.3.25"]
[Round "-"]
[White "ebrizzle"]
[Black "canubeatmeimeasy"]
[Result "0-1"]
[WhiteElo "1549"]
[BlackElo "1514"]

1. e4 e5 2. Nf3 f6 3. d4 c6 4. dxe5 fxe5 5. Nxe5 g6 6. g3 Qf6 7. f4 d6 8. Nf3
Bg4 9. Bg2 Nd7 10. O-O O-O-O 11. Qd4 Qxd4+ 12. Nxd4 Nc5 13. c3 Nd3 14. h3 Be2
15. Nxe2 d5 16. e5 Bc5+ 17. Nd4 Ne7 18. b4 Nxb4 19. Be3 Nd3 20. Nd2 Nf5 21. Rf3
Rde8 22. Nxf5 Bxe3+ 23. Rxe3 gxf5 24. Rxd3 b5 25. Nb3 Kc7 26. a4 Kb6 27. a5+ Kc7
28. Nc5 h5 29. h4 Rhg8 30. Kf2 Kb8 31. a6 Kc7 0-1

[Event "Challenge"]
[Site "http://www.queenalice.com/game.php?id=1268027"]
[Date "2014.3.25"]
[Round "-"]
[White "ebrizzle"]
[Black "canubeatmeimeasy"]
[Result "0-1"]
[WhiteElo "1549"]
[BlackElo "1601"]

1. d4 d5 2. e3 c6 3. Nc3 f6 4. f4 f5 5. Bd2 a5 6. Qh5+ g6 7. Qh4 e6 8. Qxd8+
Kxd8 9. O-O-O b5 10. Nf3 h6 11. Ne5 Ne7 12. Nf7+ Ke8 13. Nd6+ Kd7 14. Nf7 Rh7
15. Ne5+ Ke8 16. h4 h5 17. a3 Bg7 18. g3 Bxe5 19. dxe5 b4 20. Nb1 bxa3 21. Nxa3
Nd7 22. Bd3 Nc5 23. Bc3 a4 24. b4 axb3 25. Bb2 bxc2 26. Bxc2 Na4 27. Bxa4 Rxa4
28. Rd4 Ra5 29. Rh2 Ba6 30. Rhd2 Rc5+ 0-1

[Event "Challenge"]
[Site "http://www.queenalice.com/game.php?id=1268028"]
[Date "2014.3.25"]
[Round "-"]
[White "ebrizzle"]
[Black "canubeatmeimeasy"]
[Result "0-1"]
[WhiteElo "1549"]
[BlackElo "1548"]

1. f4 f5 2. Nf3 d6 3. d4 e6 4. e3 c6 5. c3 d5 6. Ne5 g6 7. Be2 Bg7 8. O-O Bxe5
9. dxe5 b5 10. h3 h5 11. b3 a5 12. Na3 Ba6 13. g3 b4 14. Bxa6 Nxa6 15. c4 dxc4
16. Nxc4 Nc5 17. Nd6+ Ke7 18. h4 Ne4 19. Nxe4 Qxd1 20. Rxd1 Nh6 21. Rd6 Rac8 22.
Bb2 fxe4 23. Rc1 Nf5 24. Rdxc6 Rxc6 25. Rxc6 Nxg3 26. Ra6 Nf5 27. Rxa5 Nxh4 28.
Rb5 Nf3+ 29. Kg2 Ne1+ 30. Kf1 Nd3 0-1

[Event "Challenge"]
[Site "http://www.queenalice.com/game.php?id=1268029"]
[Date "2014.3.25"]
[Round "-"]
[White "ebrizzle"]
[Black "canubeatmeimeasy"]
[Result "0-1"]
[WhiteElo "1549"]
[BlackElo "1577"]

1. f4 f5 2. Nf3 h6 3. g3 Nc6 4. Bh3 d5 5. d4 g6 6. Nc3 a6 7. Ne5 Nxe5 8. dxe5 e6
9. e3 Bc5 10. Ne2 g5 11. Bd2 g4 12. Bg2 h5 13. c3 b5 14. b4 Bf8 15. h4 gxh3 16.
Rxh3 Ne7 17. Nd4 Bb7 18. Nxe6 Qd7 19. Nxf8 Kxf8 20. Bf3 h4 21. Rxh4 Rxh4 22.
gxh4 Rb8 23. Qe2 Ng6 24. h5 Nh4 25. Qf2 Nxf3+ 26. Qxf3 Qh7 27. Qh3 Bc8 28. O-O-O
Be6 29. Be1 d4 30. Rxd4 Bxa2 0-1

[Event "Challenge"]
[Site "http://www.queenalice.com/game.php?id=1268180"]
[Date "2014.3.26"]
[Round "-"]
[White "jjjcarvalho"]
[Black "canubeatmeimeasy"]
[Result "0-1"]
[WhiteElo "1515"]
[BlackElo "1627"]

1. e4 e5 2. Nf3 f6 3. Bc4 Ne7 4. d3 c6 5. Nc3 a5 6. a3 d5 7. Bb3 d4 8. Ne2 Ng6
9. c3 dxc3 10. bxc3 b5 11. Ng3 Bg4 12. h3 Bxf3 13. Qxf3 Nf4 14. Bxf4 exf4 15.
Ne2 a4 16. Bc2 Bd6 17. Nxf4 Be5 18. d4 Bxf4 19. Qxf4 g5 20. Qf5 O-O 0-1

[Event "Challenge"]
[Site "http://www.queenalice.com/game.php?id=1268374"]
[Date "2014.3.27"]
[Round "-"]
[White "jjjcarvalho"]
[Black "canubeatmeimeasy"]
[Result "0-1"]
[WhiteElo "1515"]
[BlackElo "1611"]

1. e4 e5 2. Nf3 f6 3. Bc4 Ne7 4. d3 c6 5. Nc3 d5 6. Bb3 d4 7. Ne2 Ng6 8. c3 dxc3
9. bxc3 a5 10. h3 b5 11. Be3 a4 12. Bc2 Nf4 13. Bxf4 exf4 14. Nxf4 g5 15. Ne2
Bg7 16. O-O g4 17. hxg4 Bxg4 18. Ng3 Qd7 19. Re1 O-O 0-1

[Event "Challenge"]
[Site "http://www.queenalice.com/game.php?id=1275996"]
[Date "2014.4.25"]
[Round "-"]
[White "canubeatmeimeasy"]
[Black "bluemoon"]
[Result "1-0"]
[WhiteElo "1641"]
[BlackElo "1499"]

1. Nc3 e5 2. a3 Nf6 3. e4 Nc6 4. f3 Bc5 5. Na4 b6 6. c3 O-O 7. Nxc5 bxc5 8. b4
cxb4 9. axb4 Rb8 10. Ba3 d6 11. Bb5 1-0

[Event "Challenge"]
[Site "http://www.queenalice.com/game.php?id=1276338"]
[Date "2014.4.26"]
[Round "-"]
[White "sunking1"]
[Black "canubeatmeimeasy"]
[Result "1-0"]
[WhiteElo "1426"]
[BlackElo "1637"]

1. d4 d5 2. Bf4 f6 3. Nc3 c6 4. e3 g6 5. Nf3 h5 6. Bd3 g5 7. Bg6+ Kd7 8. Bf5+ e6
9. Qd3 exf5 10. Qxf5+ Ke8 11. Qg6+ Kd7 12. Be5 fxe5 13. Nxg5 Kc7 14. Ne6+ Bxe6
15. Qxe6 Qe7 16. Qxe5+ Qxe5 17. dxe5 Nd7 18. e6 Ne5 19. O-O-O Be7 20. f4 Ng4 21.
Rhf1 1-0